Vývoj participácie na trhu práce v SR v čase pandémie
Pohľad na základné ukazovatele vývoja na trhu práce v SR, s dôrazom na participáciu. Vývoj miery nezamestnanosti a participácie v najbližších štvrťrokoch. Údaje Výberového zisťovania pracovných síl a vývoj v SR porovnaný aj s ostatnými krajinami V4. Pohľad na skladbu nárastu ekonomickej neaktivity v...
Enregistré dans:
| Auteur principal: | |
|---|---|
| Format: | Chapitre de livre |
| Langue: | slovaque |
| Sujets: | |
| Tags: |
Pas de tags, Soyez le premier à ajouter un tag!
|
MARC
| LEADER | 00000naa a2200000 4500 | ||
|---|---|---|---|
| 001 | 0273216 | ||
| 005 | 20210427091613.8 | ||
| 041 | 0 | |a slo | |
| 044 | |a SK | ||
| 245 | 1 | 0 | |a Vývoj participácie na trhu práce v SR v čase pandémie |c Alexander Karšay |
| 520 | |a Pohľad na základné ukazovatele vývoja na trhu práce v SR, s dôrazom na participáciu. Vývoj miery nezamestnanosti a participácie v najbližších štvrťrokoch. Údaje Výberového zisťovania pracovných síl a vývoj v SR porovnaný aj s ostatnými krajinami V4. Pohľad na skladbu nárastu ekonomickej neaktivity v 1. polroku 2020, z ktorej časť možno považovať za dočasnú. | ||
| 610 | 2 | 0 | |a pandémia |
| 610 | 2 | 0 | |a koronavírus |
| 610 | 2 | 0 | |a trh práce |
| 610 | 2 | 0 | |a nezamestnanosť |
| 610 | 2 | 0 | |a miera nezamestnanosti |
| 100 | 1 | |a Karšay, Alexander, 1983- | |